Anagramas - ciudades sudamericanas - Estadísticas

Estadísticas generales
  • Esta prueba ha sido intentada 314 veces
  • La puntuación promedio es 15 de 20
Estadísticas de respuestas
País Ciudad % Correcto
Ecuador Quito
98%
Colombia Bogotá
97%
Argentina Córdoba
97%
Venezuela Caracas
96%
Uruguay Montevideo
96%
Perú Lima
95%
Bolivia La Paz
93%
Bolivia Sucre
92%
Argentina Mendoza
90%
Paraguay Asunción
89%
Brasil Brasília
89%
Argentina Buenos Aires
88%
Ecuador Guayaquil
88%
Chile Santiago
87%
Brasil São Paulo
87%
Colombia Barranquilla
86%
Brasil Rio de Janeiro
80%
Argentina La Plata
79%
Chile Valparaíso
77%
Venezuela Maracaibo
76%
Argentina Rosario
73%
Perú Arequipa
72%
Brasil Curitiba
72%
Brasil Recife
72%
Brasil Belém
71%
Bolivia Santa Cruz
70%
Brasil Manaos
63%
Chile Viña del Mar
62%
Argentina Bariloche
59%
Brasil Fortaleza
59%
Argentina Mar del Plata
53%
Brasil Salvador
50%
Brasil Porto Alegre
36%
Perú El Callao
35%
No se encontraron pruebas coincidentes
Distribución de puntuación
Porcentaje de gente con cada puntuación
Porcentaje por número respondido
Historial de tus puntuaciones
No has intentado esta prueba.